LOCAL ANESTHESIA IN DENTISTRY (Record no. 3332)

MARC details
000 -LEADER
fixed length control field 00356nam a2200145Ia 4500
008 - FIXED-LENGTH DATA ELEMENTS--GENERAL INFORMATION
fixed length control field 150201s1987 xx 000 0 und d
082 ## - DEWEY DECIMAL CLASSIFICATION NUMBER
Classification number 617.575
Item number L1987R
100 ## - MAIN ENTRY--PERSONAL NAME
Personal name ROBERT,D.H.
245 ## - TITLE STATEMENT
Title LOCAL ANESTHESIA IN DENTISTRY
250 ## - EDITION STATEMENT
Edition statement 3RD
260 ## - PUBLICATION, DISTRIBUTION, ETC. (IMPRINT)
Name of publisher, distributor, etc. WRIGHT PUBLICATION
Place of publication, distribution, etc. OXFORD
Date of publication, distribution, etc. 1987
300 ## - PHYSICAL DESCRIPTION
Extent 1-176
650 ## - SUBJECT ADDED ENTRY--TOPICAL TERM
Topical term or geographic name as entry element ORAL SURGERY
942 ## - ADDED ENTRY ELEMENTS (KOHA)
Source of classification or shelving scheme Dewey Decimal Classification
Koha item type Books
Holdings
Withdrawn status Lost status Source of classification or shelving scheme Damaged status Not for loan Home library Current library Date acquired Source of acquisition Cost, normal purchase price Serial Enumeration / chronology SGTU Bill Number Total Checkouts Full call number Barcode Date last seen Bill Date Koha item type
    Dewey Decimal Classification     SGT Dental Library SGT Dental Library 03/01/2006 U.B.S.DELHI 790.00 1 SGTU 825/833   617.575 L1987R FD3577 09/02/2015 24/05/2012 Books